Гром небесный: пер. с англ.; роман

Bibliographic Details
Main Author: Стюарт М. Мэри
Summary:Дженнифер Силвер приезжает в небольшой городок в Пиренеях, чтобы встретиться со своей кузиной Джиллиан, которая после смерти мужа ищет душевного успокоения в здешнем монастыре. Придя в монастырь, Дженнифер узнает страшную новость: ее кузина умерла. Однако кое-что в рассказе о последних днях Джиллиан, да и в самой атмосфере святой обители, кажется девушке очень странным и заставляет усомниться в словах монахинь. Вместе со своим старым другом Стивеном Дженнифер пытается понять, что же здесь произошло и кто умер на самом деле. Мэри Стюарт — одна из самых знаменитых писательниц в мире. Ее книги расходятся миллионными тиражами. В романах М. Стюарт изумительным образом сочетаются интеллектуальный детектив и романтическая история.
Language:Russian
Published: Москва, Эксмо, 2007
Series:Мона Лиза
Subjects:
Format: Book
KOHA link:https://koha.lib.tpu.ru/cgi-bin/koha/opac-detail.pl?biblionumber=179481

MARC

LEADER 00000nam0a2200000 4500
001 179481
005 20231031170338.0
010 |a 9785699232475 
035 |a (RuTPU)RU\TPU\book\194573 
090 |a 179481 
100 |a 20100422d2007 m y0rusy50 ca 
101 1 |a rus  |c eng 
102 |a RU 
105 |a y z 000ay 
200 1 |a Гром небесный  |e пер. с англ.  |e роман  |f М. Стюарт 
210 |a Москва  |c Эксмо  |d 2007 
215 |a 320 с. 
225 1 |a Мона Лиза 
330 |a Дженнифер Силвер приезжает в небольшой городок в Пиренеях, чтобы встретиться со своей кузиной Джиллиан, которая после смерти мужа ищет душевного успокоения в здешнем монастыре. Придя в монастырь, Дженнифер узнает страшную новость: ее кузина умерла. Однако кое-что в рассказе о последних днях Джиллиан, да и в самой атмосфере святой обители, кажется девушке очень странным и заставляет усомниться в словах монахинь. Вместе со своим старым другом Стивеном Дженнифер пытается понять, что же здесь произошло и кто умер на самом деле. Мэри Стюарт — одна из самых знаменитых писательниц в мире. Ее книги расходятся миллионными тиражами. В романах М. Стюарт изумительным образом сочетаются интеллектуальный детектив и романтическая история. 
610 1 |a английская литература 
610 1 |a романы 
610 1 |a приключения 
610 1 |a детективы 
675 |a 82  |v 3 
700 1 |a Стюарт  |b М.  |g Мэри 
801 1 |a RU  |b 63413507  |c 20100422 
801 2 |a RU  |b 63413507  |c 20100511  |g RCR 
942 |c BK